[Event "Tbilisi FIDE GP"]
[Site "Tbilisi"]
[Date "2015.02.26"]
[Round "10"]
[White "Andreikin, Dmitry"]
[Black "Tomashevsky, Evgeny"]
[Result "1/2-1/2"]
[WhiteElo "2737"]
[BlackElo "2716"]
[Annotator "Krasenkow,Michal"]
[PlyCount "93"]
[EventDate "2015.02.15"]
[EventType "tourn"]
[EventRounds "11"]
[EventCountry "GEO"]
[EventCategory "20"]
[SourceTitle "CBM 165"]
[Source "ChessBase"]
[SourceDate "2015.03.11"]
[SourceVersion "1"]
[SourceVersionDate "2015.03.11"]
[SourceQuality "1"]

1. d4 {Krasenkow,Michal} d5 2. c4 e6 3. Nc3 c6 4. Nf3 dxc4 5. a4 Bb4 6. e3 b5 7. Bd2 a5 8. axb5 Bxc3 9. Bxc3 cxb5 10. b3 Bb7 11. bxc4 b4 12. Bb2 Nf6 13. Bd3 O-O 14. O-O Nbd7 15. Nd2 Qc7 ({The immediate} 15... e5 {is simple and good (see my survey in CBM 148). However, the text move is not bad either.}) ({RR} 15... e5) 16. f4 {White prevents ...e6-e5 but allows the advance of Black's queenside pawns. The line is examined in CBM 155, annotations to Hammer - Nakamura.} ({RR} 16. f3) 16... a4 $1 17. Rb1 ({RR} 17. Rxa4 Qc6) ({RR} 17. e4 a3 18. Bc1 Rfd8 19. e5 Nc5 20. dxc5 Qxc5+ 21. Kh1 Rxd3 22. exf6 Qd4) 17... Rfd8 ({RR} 17... Rfb8 18. e4 Nf8 19. e5 N6d7 20. f5 exf5 21. Rxf5) 18. Qe2 b3 ({RR} 18... Nf8 19. e4 N6d7 20. Qe3 ({RR} 20. e5 f5 21. exf6 ({RR} 21. h3 Nc5 22. dxc5 Qd7) 21... Nxf6 22. Qe3 Re8) 20... f6 21. Ba1 b3 22. Be2 e5 23. fxe5 fxe5 24. d5 Ng6 25. Bg4 Qc5 26. Rbe1 Qxe3+ 27. Rxe3 Nc5 28. Bf5) 19. Ba1 (19. Ra1 {(my recommendation from CBM 155) was tested in the following game:} Nb8 ({Black has other options worth trying, e.g.} 19... Nf8) 20. f5 $1 Nc6 21. fxe6 fxe6 22. Ne4 Nxe4 23. Bxe4 Nb4 24. Bb1 Ba6 25. Rc1 Bb7 26. Rf1 (26. Ba3 $5) 26... Rdc8 $2 (26... Ba6) 27. Qg4 Re8 {1-0 (27) Sjugirov,S (2666)-Dreev,A (2649) Rostov on Don 2014 - the further score is unavailable but White is already clearly better. The line needs further exploration but in any case I think it is better than 19.a1.}) ({RR} 19. Ra1 Nb8 20. c5) ({RR} 19. Ba3 Qb6 20. Rfc1 Rac8 21. Bb2 Ra8 22. Ba3 Rac8 23. c5 Qa7 24. e4 Nb8 25. Nf3 h6 26. Ra1 Nc6 27. Bb2 Nb4 28. Bb1 Qa8 29. d5 exd5 30. Bxf6 gxf6 31. Nh4 Kf8 32. Nf5 Qa7 33. exd5 Bxd5 {Lev,R (2350)-Klar,N (2150) Israel ISR 2026 1-0 (36)}) 19... Nf8 {A rare continuation. After the game Evgeny Tomashevsky admitted that he didn't expect the line and could not recall theoretical recommendations.} (19... Qb6 20. e4 (20. Kh1 Nf8 21. f5 Re8 22. e4 exf5 23. Rxf5 Rad8 24. d5 N6d7 25. e5 Ng6 $13 {1-0 (38) Yevseev,D (2557)-Zinchenko,Y (2501) Cappelle la Grande 2006}) ({RR} 20. Kh1 Nf8 21. f5 Re8 22. e4 exf5 23. Rxf5 Rad8 24. d5 N6d7 25. e5 Ng6) 20... Nf8 21. e5 Ng4 $1 22. c5 (22. Qxg4 $2 Rxd4) ({RR} 22. Qxg4 Rxd4) 22... Qb4 23. Nc4 Nh6 $13 {D.Yevseev}) (19... Qd6 $5 20. e4 Nc5 21. e5 Qc6 22. exf6 Nxd3 {0-1 (33) Hammer,J (2608)-Nakamura,H (2775) Stavanger 2013 CBM 155 [Krasenkow,M]} 23. Rf3 $1 ({RR} 23. Rf3 b2 ({RR} 23... Nb4 24. Qe5 g6 25. Qg5 Qe8 26. Rh3) 24. Rxd3 bxa1=Q 25. Rxa1 gxf6 26. f5) 23... b2 (23... Nb4 24. Qe5 g6 25. Qg5 Qe8 26. Rh3 $40 {M.Golubev}) 24. Rxd3 bxa1=Q 25. Rxa1 gxf6 26. f5 $13) (19... Nb8 $5 {[%cal Yb8c6]} 20. f5 (20. d5 Nbd7 21. e4 {0-1 (51) Duzhakov,I (2267)-Kosov,I (2405) Peterhof 2008} exd5 22. cxd5 Qb6+ 23. Kh1 Ba6 $15) (20. e4 Nc6 21. d5 Nb4 22. Rf3 (22. Bxf6 gxf6 $13 {V.Malakhov}) ({RR} 22. Bxf6 gxf6) 22... exd5 23. exd5 Qb6+ 24. Qf2 $2 (24. Kh1 Nxd3 25. Rxd3 Bc8 $13 {V.Malakhov}) ({RR} 24. Kh1 Nxd3 25. Rxd3 Bc8) 24... Qxf2+ 25. Kxf2 Nfxd5 $1 $17 {0-1 (39) Cramling,P (2488)-Turova,I (2413) Dresden 2004}) ({RR} 20. d5 Nbd7 21. e4 exd5 22. cxd5 Qb6+ 23. Kh1 Ba6) ({RR} 20. e4 Nc6 21. d5 Nb4 22. Rf3 exd5 23. exd5 Qb6+ 24. Qf2 Qxf2+ 25. Kxf2 Nfxd5) 20... Nbd7 {[%cal Ye6e5]} (20... Nc6 21. fxe6 fxe6 22. Rxf6 gxf6 23. Qg4+ Qg7 24. Qxe6+ Kh8 25. Be4 Re8 26. Qh3 $13 {1/2 (34) Jakovljevic,V (2461)-Delabaca,R (2164) Kemer 2007}) ({RR} 20... Nc6 21. fxe6 fxe6 22. Rxf6 gxf6 23. Qg4+ Qg7 24. Qxe6+ Kh8 25. Be4 Re8 26. Qh3) 21. fxe6 fxe6 22. Nf3 (22. c5 $5 {[%cal Yd2c4]}) ({RR} 22. c5) 22... Be4 23. Ng5 Bxd3 24. Qxd3 Ne5 25. Qc3 Neg4 26. Rf4 {0-1 (46) Har Zvi,R (2510)-Kantsler,B (2475) Tel Aviv 1996 CBM 053 [Kantsler]} Qa5 $1 27. Qxa5 Rxa5 28. Nxe6 Rb8 $17) ({RR} 19... Qd6 20. e4 Nc5 21. e5 Qc6 22. exf6 Nxd3 23. Qg4 g6 24. Rf3 b2 25. Qg5 ({RR} 25. Rxd3 bxa1=Q 26. Rxa1 Rxd4 27. Rxd4 Qc5 28. f5 Rd8) 25... bxa1=Q 26. Rxa1 Qb6 27. Rxd3 ({RR} 27. c5 Qb2 28. Rxd3 Qxa1+ 29. Kf2 ({RR} 29. Nf1 Kf8) 29... Rxd4 30. Qh6 Rxf4+ 31. Qxf4 h5) 27... Rxd4 28. Rb1 Qd8 29. Rxb7 Rxd3 30. Nf3 a3 31. Rxf7 Qb6+ 32. c5 Qb1+ 33. Kf2 Rxf3+ {0-1 (33) Hammer,J (2608)-Nakamura,H (2775) Stavanger 2013 CBM 155 [Krasenkow,Michal]}) ({RR} 19... Qb6 20. e4 Nf8 21. e5 Ng4 22. c5 Qb4 23. Nc4 Nh6) ({RR} 19... Nb8 20. f5 Nbd7 21. fxe6 fxe6 22. Nf3 Be4 23. Ng5 Bxd3 24. Qxd3 Ne5 25. Qc3 Neg4 26. Rf4 Qa5 27. Qxa5 Rxa5 28. Nxe6 Rb8) 20. e4 (20. f5 e5 21. dxe5 {0-1 (31) Soppe,G (2480)-Varela,G (2290) Boca 1997} N6d7 $1 22. e6 Nc5 $36) ({RR} 20. f5 e5 21. dxe5 N6d7 22. e6 Nc5) 20... N6d7 (20... Qb6 $5 {- see above. However, the text move, anticipating e4-e5 or f4-f5 and preparing ...f7-f5 in some situations, is hardly worse.}) 21. Kh1 $146 (21. f5 $6 e5 $1) (21. e5 f5 $1) ({RR} 21. e5 Nb6 22. f5 exf5 23. Bxf5 Ba6 24. Bd3 Rac8 25. Rbc1 Qb8 26. Kh1 a3 27. Nxb3 Bxc4 28. Rxc4 Nxc4 29. Bxc4 Rc7 30. Nc5 Qb6 31. Qa2 Qg6 32. Qxa3 Ne6 33. Bd3 Qh5 34. Nxe6 fxe6 35. h3 Qg5 {Tsvetkov,A (2403)-Volkov,M (2359) Sochi 2025 1-0 (42)}) ({RR} 21. e5 Nb6 22. f5 exf5 23. Bxf5 Ba6 24. Bd3 Rac8 25. Rbc1 Qb8 26. Kh1 a3 27. Nxb3 Bxc4 28. Rxc4 Nxc4 29. Bxc4 Rc7 30. Nc5 Qb6 31. Qa2 Qg6 32. Qxa3 Ne6 33. Bd3 Qh5 34. Nxe6 fxe6 35. h3 Qg5 {Tsvetkov,A (2403)-Volkov,M (2359) Sochi RUS 2025 1-0 (42)}) 21... Re8 22. Qg4 Ng6 23. Qg3 Rad8 {Black has centralised his pieces and is now prepared for any action.} 24. Bb2 Qd6 {[%cal Rd7c5,Ra4a3]} 25. Ra1 Qb4 (25... Nc5 {can now be met with} 26. e5 Qd7 27. Bb1) 26. Qe3 f5 $1 {Timely!} 27. e5 (27. exf5 $5 exf5 28. Qf2 Nf6 29. d5 $13 ({but not} 29. Bxf5 $2 Nh4 $1 30. Bh3 Nxg2 31. Bxg2 Ng4 32. Qg3 Bxg2+ 33. Qxg2 Ne3 34. Qf2 Nxf1 35. Nxf1 Qxc4)) 27... Qb6 {It is very difficult for both sides to make progress so they should manoeuvre to provoke the opponent's mistake.} (27... Bc6 {[%cal Yb4b7] was probably a more appropriate arrangement.}) 28. Rg1 (28. c5 Qc6 (28... Qc7 29. Nc4) 29. Qe2 $5 {leads to interesting complications:} Nxc5 30. Bb5 Ba6 31. Bxc6 Bxe2 32. Bxe8 Bxf1 33. Nxf1 Nd3 34. Bxa4 Nxb2 35. Bxb3 Nxf4 36. Ne3 $1 Rxd4 37. Nxf5 Rd3 38. Ra8+ Kf7 39. Nd6+ Ke7 40. Ra7+ Kd8 41. Rb7 {(S.Zagrebelny)} Re3 42. h3 Rxe5 43. Rxg7 Re2 {, and Black should reach a draw.}) 28... Bc6 29. h3 Nb8 30. Kh2 Na6 31. g4 Nb4 32. gxf5 Nxd3 33. Qxd3 exf5 {Black has eliminated White's bishop pair but unblocked White's central pawns. Black should be ready to sacrifice a piece for them. However, White's king is unsafe, and Black's queenside pawns are still very strong, which will guarantee him a sufficient compensation. The position is extremely complicated, and even top players can't avoid serious mistakes.} 34. Qe3 Nf8 $6 {Hardly an appropriate retreat.} (34... Re7 $1 35. Nf1 Qa6 36. d5 Qxc4 37. dxc6 Qxc6 $44 {[%cal Ye7d7] sacrificing a piece in a much better version.}) 35. Nf1 $1 Qb4 36. d5 Qxc4 $6 (36... Bxd5 $142 37. cxd5 Rxd5 {but White still keeps some winning chances after} 38. Qa7 (38. e6 $143 Nxe6 39. Bxg7 Qxf4+ 40. Qxf4 Nxf4) 38... Qxf4+ 39. Rg3 Ne6 40. Qxa4 Qxa4 41. Rxa4) 37. dxc6 Ne6 38. Qc1 (38. c7 $1 {, destroying Black's setup was impossible to find under time pressure:} Rc8 (38... Nxc7 39. Rxg7+ $3 Kxg7 40. Rc1) (38... Qxc7 39. Rxa4) (38... Rd3 39. Rxa4 $1) 39. Ng3 {- in all variations White should win.}) 38... Qb4 (38... Qb5 $142) 39. Ba3 (39. c7 $1 {still led to a winning position:} Rc8 40. Qc6 $1 Qxf4+ 41. Ng3 {[%cal Ra1a4]}) 39... Qb6 40. c7 {Too late now.} (40. Ng3 $142) 40... Rc8 41. Qe3 Qxc7 42. Ng3 Qc2+ $6 {This forcing continuation is not quite correct.} (42... Qf7 $5 $44) 43. Rg2 Rc3 {[%mdl 2048]} 44. Nxf5 $6 {Exhausted, White decides to force a draw.} (44. Rxc2 Rxe3 45. Rc4 {hardly gives him any chances, e.g.} Rd8 46. Rg1 Nd4 $5 47. Kh1 (47. Kg2 Rd3 {[%cal Rd3d2]}) 47... Nf3 48. Nxf5 Re2 49. Nh6+ Kh8 50. Nf7+ $11) ({However,} 44. Qa7 $1 {was very strong:} Qd3 45. Rc1 $1 (45. Rf1 Rc2 46. Rxc2 bxc2 47. Qxa4 Rc8 {is less clear}) ({or} 45. Qxa4 Rec8 {[%cal Rc3c2,Re6d4]}) ({but} 45. Bb2 Rc2 46. Rag1 $16 {is quite strong, too} Nxf4 $140 $2 47. Qxa4) 45... Rxc1 46. Bxc1 {(chess-news.ru)} Rc8 47. Qe7 Nd4 48. h4 $1 {, and White should win.}) 44... Rxe3 45. Nh6+ (45. Rxc2 Rf3 {was too risky.}) 45... Kh8 46. Nf7+ Kg8 47. Nh6+ 1/2-1/2

[Event "RUS-chT 14th"]
[Site "Sochi"]
[Date "2007.05.02"]
[Round "1"]
[White "Morozevich, Alexander"]
[Black "Miton, Kamil"]
[Result "1-0"]
[WhiteElo "2762"]
[BlackElo "2653"]
[Annotator "Ftacnik,Lubomir"]
[PlyCount "61"]
[EventDate "2007.05.02"]
[EventType "team-tourn"]
[EventRounds "9"]
[EventCountry "RUS"]
[SourceTitle "EXT 2020"]
[Source "ChessBase"]
[SourceDate "2019.10.17"]
[SourceVersion "1"]
[SourceVersionDate "2019.10.17"]
[SourceQuality "1"]
[WhiteTeam "Tomsk 400"]
[BlackTeam "Buryatia Shatar"]
[WhiteTeamCountry "RUS"]
[BlackTeamCountry "RUS"]

1. d4 {Knaak,Rainer} d5 2. c4 c6 3. Nc3 e6 4. Nf3 dxc4 5. e3 b5 6. a4 Bb4 7. Bd2 Bb7 (7... a5 8. axb5 Bxc3 9. Bxc3 cxb5 10. b3 Bb7 11. d5 Nf6 12. bxc4 b4 13. Bxf6 Qxf6 14. Qa4+ Nd7 15. Nd4 e5 16. Nb3 Ke7 17. Be2 Qd6 18. f4 Rhc8 $132 {Miton,K-Krasenkow,M/Warsaw 2003}) 8. b3 a5 (8... cxb3 $2 9. Qxb3 Bxc3 10. Bxc3 a6 11. d5 $1 $40) ({RR} 8... cxb3 9. Qxb3 Bxc3 10. Bxc3 a6 11. d5) 9. Ne4 $5 {Morozevich is nothing if not an original player. The choice of the knight move with its dubious reputation was probably an intuitive decision.} (9. bxc4 Bxc3 (9... bxc4 10. Bxc4 Nf6 11. O-O O-O 12. Rb1 c5 (12... Na6 13. Ne2 c5 14. Bc1 Be4 15. Bd3 Bxd3 16. Qxd3 cxd4 17. Qxd4 Qxd4 18. Nexd4 Rfc8 {1/2 Babula,V (2515)-Matlak,M (2490)/Moscow 1994/ (44)}) 13. dxc5 Na6 14. c6 Bxc6 15. Nd4 Bb7 16. Na2 Qc7 17. Nxb4 axb4 18. Bxb4 Rfd8 19. Qe2 Ng4 20. Qxg4 Qxc4 21. Rfc1 Qd5 {1/2 Paulsen,D (2292)-Suhl,D (2158)/Berlin 1996/ (58)}) ({RR} 9... bxc4 10. Bxc4) 10. Bxc3 b4 11. Bb2 c5 12. Bd3 Nf6 13. O-O (13. Nd2 O-O 14. O-O Nbd7 15. Qe2 Qc7 16. f4 Rfe8 17. h3 cxd4 18. exd4 Rad8 19. Nb3 Ba6 {0-1 Babula,V (2530)-Ninov,N (2435)/Odorheiu Secuiesc 1995/ (43)}) 13... Nbd7 14. Re1 Qc7 (14... Rc8 15. Rc1 Qc7 16. d5 exd5 17. cxd5 Bxd5 18. e4 Be6 19. e5 Nd5 20. Ng5 Nf4 21. Bb5 $16 {0-1 Knaak,R (2515)-Karasev,V (2460)/Polanica Zdroj 1974/ (41)}) 15. Ne5 Nxe5 16. dxe5 Nd7 17. Qh5 Nb6 18. Qg5 g6 19. e4 Bc6 20. Bc1 Bxa4 $15 {1-0 Zakharevich,I (2532)-Goloshchapov,A (2446)/Novgorod 1999/ (49)}) ({RR} 9. bxc4 Bxc3 10. Bxc3 b4 11. Bb2) ({RR} 9. bxc4 bxc4 10. Bxc4 Nf6 11. O-O O-O 12. Rb1 Na6 13. Ne2 c5 14. Bc1 Be4 15. Bd3 Bxd3 16. Qxd3 cxd4 17. Qxd4 Qxd4 18. Nexd4 Rfc8 19. Bd2 Ne4 20. Bxb4 Nxb4 21. Rfc1 Rxc1+ 22. Rxc1 Nxf2 23. Rc7 Nd5 {Babula,V (2515)-Matlak,M (2490) Moscow 1994 ½-½ (44)}) ({RR} 9. bxc4 bxc4 10. Bxc4 Nf6 11. O-O O-O 12. Ne5 c5 13. dxc5 Bxc5 14. Qe2 Bd6 15. Nf3 Nbd7 16. Nb5 Ne5 17. Nxe5 Bxe5 18. Bc3 Bxc3 19. Nxc3 Rc8 20. Nb5 Ne4 21. f3 Nc5 22. Rfd1 Qe7 23. Nd6 Rc7 {Pashikyan,R (2330)-Hakobyan,E (2427) Yerevan ARM 2026 0-1 (37)}) 9... f5 10. Nc5 $146 (10. Neg5 c3 11. Nxe6 Qe7 12. Nf4 cxd2+ 13. Nxd2 Nf6 14. Bd3 Bxd2+ 15. Qxd2 Ne4 16. Qc2 O-O $17 {0-1 Kasparian,G-Kirillov,V/Moscow 1931/URS-ch/ (33)}) (10. Nc3 Bxc3 11. Bxc3 b4 12. Bd2 c3 $17) ({RR} 10. Neg5 c3 11. Nxe6 Qe7 12. Nf4 cxd2+ 13. Nxd2 Nf6 14. Bd3 Bxd2+ 15. Qxd2 Ne4 16. Qc2 O-O 17. O-O Nd6 18. axb5 cxb5 19. Bxb5 Nxb5 20. Qc4+ Qf7 21. Qxb5 g5 22. Nh3 Qd5 23. Qxd5+ Bxd5 24. Nxg5 Nd7 {Kasparian,G-Kirillov,V Moscow 1931 URS-ch [Knaak,Rainer] 0-1 (33)}) ({RR} 10. Nc3 Bxc3 11. Bxc3 b4 12. Bd2 c3) 10... c3 (10... Bxc5 11. dxc5 Nf6 12. axb5 (12. Nd4 $5 Ne4 13. axb5 c3 14. Bc1 e5 $13) 12... cxb5 13. Nd4 Ne4 14. Nxe6 $13) 11. Nxb7 Qe7 12. Nc5 e5 $1 {Miton is growing into a very strong player; with the e-pawn advance he seriously questions the soundness of White's concept.} (12... cxd2+ 13. Nxd2 bxa4 (13... Bxc5 14. dxc5 Qxc5 $6 15. axb5 cxb5 16. Rc1 Qb6 17. Rc8+ $18) 14. Nxa4 Nf6 $13) 13. Be2 e4 $5 (13... exd4 $6 14. O-O $1 cxd2 (14... Bxc5 15. exd4 cxd2 16. dxc5 Qxc5 17. Qxd2 $16) (14... Qxc5 15. Bc1 Nd7 16. axb5 cxb5 17. Nxd4 $14) 15. exd4 Nd7 16. Nxd7 Qxd7 17. axb5 cxb5 18. Nxd2 Ne7 19. Nf3 $14) 14. O-O $1 (14. Bxc3 exf3 $1 (14... Bxc3+ 15. Nd2 Bxa1 16. Qxa1 Nd7 $13) 15. Bxb4 fxe2 16. Kxe2 axb4 17. axb5 Rxa1 18. Qxa1 Nf6 $17) 14... exf3 15. Bxf3 cxd2 16. axb5 {[%mdl 1024] Objectively speaking White cannot claim enough compensation with only a pawn for the knight. On the positive side his bishop on f3 is strong, development much better and the level of irrationality is very high.} Nf6 (16... Bxc5 17. dxc5 Qxc5 (17... Nf6 18. Qxd2 Ne4 19. Qd3 O-O 20. bxc6 Kh8 $15) 18. bxc6 Nxc6 19. Qxd2 Rd8 20. Rfc1 Rxd2 21. Rxc5 Nce7 22. Raxa5 Nf6 $15) (16... Ra7 17. b6 $5 Ra8 18. Qc2 $132) 17. bxc6 Ra7 $6 (17... Ne4 18. Bxe4 fxe4 19. Qh5+ Qf7 (19... g6 20. Qd5 Bxc5 (20... Ra7 21. Rfd1 $16) 21. dxc5 (21. c7 Qxc7 22. Qxa8 Bb4 $15) 21... Na6 22. Qxd2 Nxc5 23. Qd5 $13) 20. Qe5+ Qe7 21. Qd5 Bxc5 22. dxc5 Na6 $13) (17... Na6 $5 18. Nxa6 (18. Nd7 $6 Nc7 19. Qc2 Rd8 20. Qxf5 Nxd7 21. cxd7+ Qxd7 $15) 18... Rxa6 19. Qc2 Qe6 (19... Ne4 20. g4 g6 21. gxf5 (21. Qc4 Ra7 $17) 21... gxf5 22. Qc4 Rb6 23. Qd5 Nd6 $17) 20. c7 O-O 21. Bb7 Raa8 22. Rfd1 $13) 18. Nd3 $1 {After the meek move of the black rook White has got a chance to play for the maximum. Morozevich has to eliminate b4, grab the d2-pawn and exploit the might of his advanced pawns.} O-O (18... Na6 $5 19. Nxb4 Nxb4 20. Qxd2 O-O 21. Rfc1 $15) 19. Nxb4 Qxb4 (19... axb4 20. Rxa7 Qxa7 21. Qxd2 Rc8 22. Qc2 $16) 20. Qc2 $1 Na6 $6 (20... Rc7 $5 21. d5 (21. Qxf5 Qd6 (21... Nxc6 $2 22. Qe6+ $18) 22. Qe5 Rd8 23. Qxa5 Nxc6 24. Qxd2 Ne5 25. Be2 Rdc8 $11) 21... Ne4 22. Bxe4 fxe4 23. Rfd1 $14) 21. Qxf5 Nc7 (21... Qxb3 $2 22. Rfb1 Qc4 23. Qxa5 $18) 22. Qc2 Rb8 23. Rfd1 $1 {Black is potentially facing three passed white pawns in the centre. Can any force stop them?} Nfd5 $5 (23... Qxb3 24. Qxd2 $16) 24. e4 (24. Rxd2 Qxb3 25. Qxb3 Rxb3 26. e4 Nb4 27. Be2 Rc3 28. d5 $16) 24... Nc3 25. Rxd2 N7b5 (25... Ne6 26. d5 (26. Rc1 Nb5 27. Bg4 Nbxd4 (27... Nexd4) 28. Qd1) 26... Nd4 27. Qd3 Nxb3 (27... Nxf3+ 28. gxf3 $18) 28. Rb2 Rc7 (28... Nxa1 29. Rxb4 axb4 30. d6 $18) 29. e5 $18) 26. Rc1 $1 {A fine move that ties down black forces, as the knights became virtually immobilized.} (26. d5 a4 $1 27. bxa4 Nd4 28. Qd3 Nb3 29. Rb2 Nxa4 30. Qe3 Nxb2 31. Rxa7 Nc4 32. Qd3 $14) 26... a4 27. bxa4 Rxa4 28. Bg4 $1 {Another laudable decision as the advance of the c-pawn is now very much on the cards.} (28. d5 Ra2 29. Qd3 $18) 28... Qe7 (28... Ra2 $2 29. Be6+ $18) (28... Nxd4 29. c7 $1 Rf8 30. Qxc3 $18) 29. Qb3+ Kf8 30. Rxc3 Ra3 31. Rf3+ 1-0

[Event "Moscow Aeroflot op-A"]
[Site "Moscow"]
[Date "2004.02.25"]
[Round "9"]
[White "Lautier, Joel"]
[Black "Vaganian, Rafael A"]
[Result "0-1"]
[WhiteElo "2676"]
[BlackElo "2623"]
[Annotator "Dautov,Rustem"]
[PlyCount "56"]
[EventDate "2004.02.17"]
[EventType "swiss"]
[EventRounds "9"]
[EventCountry "RUS"]
[SourceTitle "CBM 100"]
[Source "ChessBase"]
[SourceDate "2004.06.01"]
[SourceVersion "1"]
[SourceVersionDate "2004.06.01"]
[SourceQuality "1"]

1. d4 d5 2. c4 e6 3. Nc3 Be7 4. cxd5 exd5 5. Bf4 c6 6. e3 Bf5 7. Nge2 Nd7 8. f3 {Die Partie wurde in der letzten Runde des Opens gespielt, und nur im Falle des Sieges konnte man mit einem guten Preis rechnen. Dementsprechend wählte Lautier eine anspruchsvolle Eröffnungsvariante, die allerdings auch Schwarz gute Gegenchancen einräumt.} ({RR} 8. Rc1 h5 9. Ng3 Bg6 10. h4 Bxh4 11. Qb3 Bxg3 12. Bxg3 Qb6 13. Qa3 Ne7 14. Be2 a5 15. Bd6 Nc8 16. Na4 Qd8 17. Bf4 Qe7 18. Nc5 Nxc5 19. Rxc5 a4 20. Qc3 Qe4 21. Rxc6 O-O 22. Rc7 Qxg2 {Moiseenko,A (2699)-Bacrot,E (2714) Biel 2013 ½-½ (34)}) ({RR} 8. Ng3 Be6 9. Bd3 Ngf6 10. Nf5 Bxf5 11. Bxf5 g6 12. Bd3 O-O 13. O-O Nh5 14. Bh6 Re8 15. a3 Bf8 16. Bxf8 Rxf8 17. b4 a6 18. a4 b5 19. Qc2 Nb6 20. a5 Nc4 21. Bxc4 dxc4 22. Ne4 Nf6 {Timman,J (2655)-Vaganian,R (2618) Dordrecht 2000 1-0 (46)}) 8... Bg6 $1 {Dieser prophylaktische Zug scheint hier am besten zu sein. Schwarz entkräftet die Drohung g2-g4.} (8... g5 9. Bg3 Ngf6 10. Bf2 Qb6 11. Qd2 O-O-O 12. Ng3 Bg6 13. Bd3 g4 $13 {Hjartarson,J-Georgiev,K/Moscow 1990}) (8... Bh4+ 9. Bg3 Bg6 10. Qd2 Nh6 11. O-O-O Bxg3 12. Nxg3 O-O 13. h4 f6 14. h5 Bf7 15. Bd3 $14 {Romanov,O-Azarov,S/Minsk 2000}) (8... Nb6 9. Ng3 Bg6 10. Qd2 h5 11. e4 dxe4 12. Ngxe4 Nf6 13. Nc5 Qc8 14. Bd3 Bxd3 15. Qxd3 Nfd5 $11 {Milov,V-Goldin,A/Ashdod 2003}) ({RR} 8... Ngf6 9. g4 Be6 10. Bg3 Nb6 11. Nf4 Bc8 12. g5 Nfd7 13. h4 O-O 14. Qc2 Re8 15. O-O-O Nf8 16. e4 dxe4 17. fxe4 Bg4 18. Be2 Bxe2 19. Ncxe2 Rc8 20. Kb1 Qd7 21. Nd3 Qe6 22. Ne5 Bd6 23. Nf4 {Di Berardino,D (2466)-Silva,K (2324) Caioba BRA 2026 1-0 (45)}) 9. Bg3 $2 $146 {Das Läufermanöver wirkt sehr künstlich und kostet Weiß Zeit. Vorzuziehen war 9.d2 oder 9.g3.} (9. Qd2 Ngf6 10. g4 Nb6 11. b3 a5 12. a4 h5 13. g5 Nfd7 14. h4 Bb4 15. Bh3 O-O $132 {Hertneck,G-Donev,I/Salzburg 1992}) (9. g4 $2 h5 $15) (9. Ng3 $5) 9... Nh6 $146 ({RR} 9... Ngf6 10. Nf4 O-O 11. Nxg6 hxg6 12. Bd3 Re8 13. O-O a6 14. Qd2 c5 15. Bf2 Rc8 16. a3 cxd4 17. exd4 Nb6 18. b3 Bd6 19. Rfc1 Qe7 20. Qb2 Bf4 21. Rc2 Be3 22. Nd1 Rxc2 23. Qxc2 Bxf2+ 24. Qxf2 {Drnovsek,G (2391)-Schlosser,P (2507) Austria 2021 0-1 (44)}) ({RR} 9... Ngf6 10. Nf4 Nh5 11. Nxg6 hxg6 12. Bf2 Bd6 13. Bd3 Ng3 14. Rg1 Rxh2 15. e4 Nh1 16. Be3 Qh4+ 17. Kd2 Nf2 18. Qf1 Nxd3 19. Kxd3 Nb6 20. exd5 Nxd5 21. Nxd5 cxd5 22. Qe1 Qxe1 23. Raxe1 Kd7 24. Re2 {Vaisser,A (2486)-Kasimdzhanov,R (2659) Germany 2022 0-1 (104)}) 10. Bf2 $6 Bd6 {Gegen e2-f4 gerichtet.} 11. g4 f5 12. h3 O-O 13. Bg2 Qe7 $15 {Es ist offensichtlich, daß Weiß die Eröffnung gründlich mißlungen ist. Seine beiden Läufer sind passiv, und die Bauernexpansion brachte nur Schwächen mit sich.} 14. O-O fxg4 15. hxg4 Qg5 16. Qd2 Rae8 17. Rae1 $2 {Der folgende Einschlag ließ sich bereits nur durch Materialeinbußen verhindern.} (17. Nf4 $5 Bxf4 18. exf4 Qxf4 19. Qxf4 Rxf4 20. Rfe1 $15) 17... Rxf3 $3 {[%mdl 640]} 18. Bxf3 Nxg4 19. Bg3 $6 {Lautier übersah offensichtlich den riesenstarken 20. Zug von Schwarz, sonst hätte er mit 19.xg4 mehr Widerstand geleistet.} (19. Bxg4 Qxg4+ 20. Ng3 Bxg3 21. Bxg3 Qxg3+ 22. Qg2 Rxe3 23. Qxg3 Rxg3+ 24. Kh2 Rd3 25. Re7 Nf6 26. Rxb7 Rxd4 $17) 19... Nxe3 20. Kh1 Bh5 $3 $19 {Was für ein Zug! Weiß ist nun vollkommen hilflos.} 21. Bxh5 (21. Nf4 Nxf1 22. Rxf1 Qxg3 23. Nxh5 (23. Bxh5 Bxf4 24. Qxf4 Qh3+ $19) 23... Qh3+ 24. Kg1 Ne5 $3 25. Bd1 (25. dxe5 Bc5+ 26. Rf2 Qxf3 $19) 25... Nc4 26. Qg2 (26. Qf2 Rf8 $19) 26... Qxg2+ 27. Kxg2 Ne3+ $19) 21... Qxh5+ 22. Kg1 Qh3 23. Rf2 Bxg3 24. Nxg3 Qxg3+ 25. Rg2 Nxg2 26. Rxe8+ Kf7 27. Rc8 Ne3+ 28. Kh1 Nf6 0-1